000 00666nam a2200229Ia 4500
008 160319s9999 xx 000 0 und d
245 _aReader Rabbit's reading 2 /
260 _aCambridge, MA :
260 _bThe Learning Company.
260 _c1997
300 _a1 computer optical disc :
300 _bsound, colored ;
300 _c4 3/4 in.
650 _aLanguage arts (Elementary)
650 _aLanguage arts (Elementary) --
650 _aReading (Elementary)
650 _aReading (Elementary) --
650 _aVocabulary --
650 _xInteractive multimedia.
650 _xInteractive multimedia.
650 _xInteractive multimedia.
999 _c292718
_d292718